Mohtarma Benazir Bhutto; Prime minister of pakistan (Speeches and statements) Dec,02,1988-july,19,1990 Volume-1 (Record no. 293670)
[ view plain ]
| 000 -LEADER | |
|---|---|
| fixed length control field | 00301 a2200097 4500 |
| 001 - CONTROL NUMBER | |
| control field | 58597 |
| 090 ## - LOCALLY ASSIGNED LC-TYPE CALL NUMBER (OCLC); LOCAL CALL NUMBER (RLIN) | |
| -- | 35952 |
| -- | 35952 |
| 100 ## - MAIN ENTRY--PERSONAL NAME | |
| Personal name | |
| 245 ## - TITLE STATEMENT | |
| Title | Mohtarma Benazir Bhutto; Prime minister of pakistan (Speeches and statements) Dec,02,1988-july,19,1990 Volume-1 |
| 260 ## - PUBLICATION, DISTRIBUTION, ETC. | |
| Place of publication, distribution, etc. | Pakistan |
| Name of publisher, distributor, etc. | Govt of Pakistan |
| Date of publication, distribution, etc. | 2008 |
| 942 ## - ADDED ENTRY ELEMENTS (KOHA) | |
| Institution code [OBSOLETE] | NUST-CAE |
| Koha item type | |
| -- | |
| Withdrawn status | Lost status | Damaged status | Not for loan | Collection code | Permanent Location | Current Location | Date acquired | Total Checkouts | Barcode | Date last seen | Price effective from | Koha item type |
|---|---|---|---|---|---|---|---|---|---|---|---|---|
| College of Aeronautical Engineering (CAE) | College of Aeronautical Engineering (CAE) | 04/03/2017 | CAEG-6096 | 04/05/2017 | 04/05/2017 | Book |
